<?xml version="1.0" encoding="UTF-8"?><?xml-stylesheet type="text/xsl" href="static/style.xsl"?><OAI-PMH xmlns="http://www.openarchives.org/OAI/2.0/" xmlns:xsi="http://www.w3.org/2001/XMLSchema-instance" xsi:schemaLocation="http://www.openarchives.org/OAI/2.0/ http://www.openarchives.org/OAI/2.0/OAI-PMH.xsd"><responseDate>2026-04-17T10:37:27Z</responseDate><request verb="GetRecord" identifier="oai:www.recercat.cat:2072/466630" metadataPrefix="marc">https://recercat.cat/oai/request</request><GetRecord><record><header><identifier>oai:recercat.cat:2072/466630</identifier><datestamp>2026-03-28T08:26:36Z</datestamp><setSpec>com_2072_98</setSpec><setSpec>col_2072_378192</setSpec></header><metadata><record xmlns="http://www.loc.gov/MARC21/slim" xmlns:dcterms="http://purl.org/dc/terms/" xmlns:xsi="http://www.w3.org/2001/XMLSchema-instance" xmlns:doc="http://www.lyncode.com/xoai" xsi:schemaLocation="http://www.loc.gov/MARC21/slim http://www.loc.gov/standards/marcxml/schema/MARC21slim.xsd">
   <leader>00925njm 22002777a 4500</leader>
   <datafield ind2=" " ind1=" " tag="042">
      <subfield code="a">dc</subfield>
   </datafield>
   <datafield ind2=" " ind1=" " tag="720">
      <subfield code="a">Barrena, Raquel</subfield>
      <subfield code="e">author</subfield>
   </datafield>
   <datafield ind2=" " ind1=" " tag="720">
      <subfield code="a">Sánchez, Antoni</subfield>
      <subfield code="e">author</subfield>
   </datafield>
   <datafield ind2=" " ind1=" " tag="260">
      <subfield code="c">2022</subfield>
   </datafield>
   <datafield ind2=" " ind1=" " tag="520">
      <subfield code="a">Composting has been demonstrated to be a sustainable technology for treating organic wastes. The process is based on the microbial decomposition of organic matter under aerobic conditions to obtain compost: An organic amendment that can be safely used in agriculture and other applications. Among the composted wastes, the organic fraction of municipal waste is commonly used. In this sense, the interest in composting at home or community scale is exponentially growing in recent years, as it permits the self-management of waste and obtaining a product that can be used by the own producer. However, some questions about the quality of the obtained compost or the environmental impact of home composting are in an early stage of this development. In this review, the main points related to home composting are analyzed in detail according to the current scientific knowledge. Among them: (i) The performance of the process, especially in the temperature reached and the fact that if home compost is sanitized, (ii) the quality of home composting, especially in terms of maturity and stability, (iii) the main environmental impacts of home composting, that is, gaseous emissions and (iv) the main trends related to community composting, a step forward from home composting, to make this alternative attractive for municipal organic waste management. The main advantages and possible drawbacks of home composting are also highlighted.</subfield>
   </datafield>
   <datafield tag="653" ind2=" " ind1=" ">
      <subfield code="a">Organic fraction of municipal waste</subfield>
   </datafield>
   <datafield tag="653" ind2=" " ind1=" ">
      <subfield code="a">Home composting</subfield>
   </datafield>
   <datafield tag="653" ind2=" " ind1=" ">
      <subfield code="a">Process performance</subfield>
   </datafield>
   <datafield tag="653" ind2=" " ind1=" ">
      <subfield code="a">Compost quality</subfield>
   </datafield>
   <datafield tag="653" ind2=" " ind1=" ">
      <subfield code="a">Environmental impact</subfield>
   </datafield>
   <datafield ind2="0" ind1="0" tag="245">
      <subfield code="a">Home Composting : A Review of Scientific Advances †</subfield>
   </datafield>
</record></metadata></record></GetRecord></OAI-PMH>